Conan Gray - Found Heaven - Statistics

General Stats
  • This quiz has been taken 111 times
  • The average score is 10 of 13
Answer Stats
2024 Found Heaven % Correct
1 Found Heaven
92%
5 Alley Rose
90%
2 Never Ending Song
86%
4 Lonely Dancers
83%
13 Winner
83%
11 Boys & Girls
80%
7 Miss You
77%
12 Killing Me
76%
10 Eye Of The Night
74%
3 Fainted Love
71%
6 The Final Fight
71%
9 Forever With Me
68%
8 Bourgeoisieses
62%
No matching quizzes found
Score Distribution
Percent of People with Each Score
Percentile by Number Answered
Your Score History
You have not taken this quiz